[Event "Istanbul Kartal op"]
[Site "Istanbul"]
[Date "2015.06.24"]
[Round "3"]
[White "Ahmadinia, Ebrahim"]
[Black "Kalyoncu, Ilker"]
[Result "1-0"]
[WhiteElo "2377"]
[BlackElo "1621"]
[PlyCount "45"]
[EventDate "2015.06.23"]
[EventType "swiss"]
[EventRounds "9"]
[EventCountry "TUR"]
[SourceTitle "CBM 167 Extra"]
[Source "ChessBase"]
[SourceDate "2015.09.14"]
[SourceVersion "1"]
[SourceVersionDate "2015.09.14"]
[SourceQuality "1"]

1. e4 c5 2. c3 d5 3. exd5 Qxd5 4. d4 cxd4 5. cxd4 e5 6. Nf3 Bb4+ 7. Nc3 Nc6 8. Bd2 Bxc3 9. Bxc3 Bg4 10. dxe5 0-0-0 11. Qxd5 Rxd5 12. Be2 Nge7 13. 0-0 Ng6 14. h3 Nf4 15. Bd1 Bh5 16. Kh2 Re8 17. g4 Bg6 18. Kg3 Nd3 19. Bb3 Rc5 20. Nh4 Be4 21. Bxf7 Re7 22. e6 Nce5 23. f3 1-0